Statistiques concernant Culture générale #14

Cliquez ici pour prendre le quiz!

Statistiques générales

  • Ce quiz a été pris 552 fois
    (530 depuis la dernière actualisation)
  • Le résultat moyen est 6 sur 15

Statistiques - réponses

Hint Answer % Correct
Quelle soupe de poisson est célèbre dans la ville de Marseille?bouillabaisse
83%
Quel processus permet aux arbres de produire de l'oxygène?photosynthèse
70%
Quel roman a écrit Herman Melville à propos d'une baleine?Mobydick
68%
Qui a composé l'opéra " La flute Enchantée"?Mozart
67%
Combien de point a t'on inscrit à la pétanque pour être "Fanny"?0
58%
Qui à un renard à neuf queue scélle à l'intérieur de lui dans le manga du même nom?Naruto
43%
Comment s'appelle le petit dragon d'un jeu de playstation (du même nom)?Spyro
42%
Quelle ville est la capitale d'état de la Californie?Sacramento
42%
Comment s'appelle la bière aux cerises produite en Belgique?Kriek
35%
Quel lac est le plus profond du monde?Baikal
34%
Comment s'appelle l'hélicoptère de combat européen?Tigre
21%
De qui vient la réplique "elle est où la poulette"?Kadoc
19%
Qui a fait construire le chateau de Vaux le Vicomte?Fouquet
18%
Quel animal est l'emblème de l'équipe de rugby à 15 d'Argentine?Jaguar
17%
Marlon Brando et Robert de Niro ont gagné un oscar pour le même rôle dans 2 films différents Lequel?Vito Corleone
13%

Distribution des résultats

Percentile par nombre de réponses

% des personnes avec chaque résultat

Votre développement - résultats

Vous n’avez pas pris ce quiz depuis la dernière actualisation